Zvuk se dvěma časovači 555 /

Main Author: Hájek, Jan
Language: Czech
Published: Praha : AA Praha, 2001
Edition: 1. vyd.
Physical Description: 109 s. : il. ; 22 cm
Book
Saved in:
LEADER 01092nam a2200349 a 4500
001 000571778
003 CZ BrMZK
005 20100924164851.0
007 ta
008 010920s2001 xr e f cze d
015 |a cnb001024892 
020 |a 80-7300-039-3 
035 |a (OCoLC)50341439 
040 |a BOA001  |b cze 
072 7 |a 621.3  |x Elektrotechnika  |2 Konspekt  |9 19 
080 |a 621.3.049.774.3  |2 MRF 
080 |a 681.84.081  |2 MRF 
080 |a 621.38  |2 MRF 
080 |a (035)  |2 MRF 
100 1 |a Hájek, Jan  |7 jx20040720106  |4 aut 
245 1 0 |a Zvuk se dvěma časovači 555 /  |c Jan Hájek 
250 |a 1. vyd. 
260 |a Praha :  |b AA Praha,  |c 2001 
300 |a 109 s. :  |b il. ;  |c 22 cm 
504 |a Obsahuje bibliografii a rejstřík 
650 0 7 |a audiotechnika  |7 ph118666  |2 czenas 
650 0 7 |a elektronické systémy  |7 ph114453  |2 czenas 
650 0 7 |a časovač 555  |7 ph116845  |2 czenas 
655 7 |a příručky  |7 fd133209  |2 czenas 
910 |a BOA001  |b 2-1090.819 
990 |a BK 
996 6 |b 2610143316  |c 2-1090.819  |l MZK  |r Sklad / do 1 hodiny  |n 3  |p p.v.  |w 000571778  |u 000010  |a 1  |e BOA001  |j MZK50  |s P